Statistics for Combined Song Titles #2

Click here to take the quiz!

General Stats

  • This quiz has been taken 619 times
  • The average score is 15 of 24

Answer Stats

HintAnswer% Correct
Big Girls Don't __ Me A RiverCry
97%
Material __ Just Wanna Have FunGirl
97%
Just The Way You ___ You Gonna Be My Girl?Are
93%
Let There Be ___ The Way You LieLove
91%
Battle ___ To Be WildBorn
87%
Under the ____ Over Troubled WaterBridge
82%
Just ___ To The MusicDance
80%
One More ___ is on My SideTime
79%
Walk This __ DownWay
78%
It's My __ On Mars?Life
76%
Crocodile __ The BoatRock
76%
The ___ me to the MoonFly
74%
She's a ___ MadonnaLady
72%
Best of ___ Raise Me UpYou
72%
Here It __ As You AreCome
60%
Light My ___ in Your EyesFire
60%
Sunday ____ GloryMorning
59%
Lady in __ Morning LightRed
56%
The Bitch Is ____ In TimeBack
55%
I Have a __ Catch MeDream
25%
I Need a ___ of WarHero
25%
It's in His ___ The DevilKiss
25%
In the ____ GospelGhetto
12%
In the ______ of the DayShadow
3%

Score Distribution

Percentile by Number Answered

Percent of People with Each Score

Your Score History

You have not taken this quiz